书目信息 |
| 题名: |
教育研究方法导论
|
|
| 作者: | 庞奇 , 奥斯雅 著 ;桑国元 , 王天晓 , 高鸾 译 | |
| 分册: | ||
| 出版信息: | 北京 高等教育出版社 2022 |
|
| 页数: | 440页 | |
| 开本: | 26cm | |
| 丛书名: | ||
| 单 册: | ||
| 中图分类: | G40-034 | |
| 科图分类: | ||
| 主题词: | 教育科学--Jiao Yu Ke Xue--研究方法 | |
| 电子资源: | ||
| ISBN: | 978-7-04-057352-7 | |
| 000 | 01257nam0 2200301 450 | |
| 001 | 012024000079 | |
| 005 | 20241025180257.0 | |
| 010 | @a978-7-04-057352-7@dCNY103.00 | |
| 100 | @a20241025d2022 em y0chiy50 ea | |
| 101 | 1 | @achi@ceng |
| 102 | @aCN@b110000 | |
| 105 | @ay z 001yy | |
| 106 | @ar | |
| 200 | 1 | @a教育研究方法导论@AJiao Yu Yan Jiu Fang Fa Dao Lun@d= Introduction to research methods in education@f凯斯·庞奇 (Keith F Punch), 爱丽丝·奥斯雅 (Alis Oancea) 著@g桑国元, 王天晓, 高鸾译@zeng |
| 210 | @a北京@c高等教育出版社@d2022 | |
| 215 | @a440页@d26cm | |
| 305 | @a据原书第二版译出 | |
| 330 | @a本书内容包括:教育研究中的理论和方法、教育研究中的背景、教育研究中的伦理、研究问题、从研究问题到数据、文献检索与综述、质性研究设计、质性数据收集、质性数据分析、定量研究设计、定量数据收集、定量数据分析等。 | |
| 510 | 1 | @aIntroduction to research methods in education@zeng |
| 606 | 0 | @a教育科学@AJiao Yu Ke Xue@x研究方法 |
| 690 | @aG40-034@v5 | |
| 701 | 0 | @a庞奇@APang Qi@g(Punch, Keith F)@4著 |
| 701 | 0 | @a奥斯雅@AAo Si Ya@g(Oancea, Alis)@4著 |
| 702 | 0 | @a桑国元@ASang Guo Yuan@4译 |
| 702 | 0 | @a王天晓@AWang Tian Xiao@4译 |
| 702 | 0 | @a高鸾@AGao Luan@4译 |
| 801 | 0 | @aCN@bAHXH@c20241025 |
| 905 | @b214161431@dG40-034@e1545@f1 | |
| 教育研究方法导论= Introduction to research methods in education/凯斯·庞奇 (Keith F Punch), 爱丽丝·奥斯雅 (Alis Oancea) 著/桑国元, 王天晓, 高鸾译.-北京:高等教育出版社,2022 |
| 440页;26cm |
| ISBN 978-7-04-057352-7:CNY103.00 |
| 本书内容包括:教育研究中的理论和方法、教育研究中的背景、教育研究中的伦理、研究问题、从研究问题到数据、文献检索与综述、质性研究设计、质性数据收集、质性数据分析、定量研究设计、定量数据收集、定量数据分析等。 |
| ● |
| 相关链接 |
|
|
|
|
正题名:教育研究方法导论
索取号:G40-034/1545
 
预约/预借
| 序号 | 登录号 | 条形码 | 馆藏地/架位号 | 状态 | 备注 |
| 1 | 1416143 | 214161431 | 第一样本阅览室/ [索取号:G40-034/1545] | 在馆 |